000 00757nam a22001937a 4500
003 BD-DhUL
005 20160821192428.0
008 160821s1985 b ||||| |||| 001 0 b d
040 _aBD-DhUL
_cBD-DhUL
082 _a323.4
_bBAB
100 1 _aবদরুদ্দীন উমর
245 1 0 _aবাঙলাদেশে গণতান্ত্রিক আন্দোলনের কয়েকটি দিক /
_cবদরুদ্দীন উমর
260 _aঢাকা :
_bমুক্তধারা,
_c১৯৮৫.
300 _a১৫১ পৃ. :
_c২১ সে মি
500 _aনির্ঘন্ট সম্বলিত
650 0 _aরাষ্ট্রবিজ্ঞান
650 0 _aPolitics
942 _2ddc
_cBK
999 _c100103
_d100103